000 00503nam a2200181 a 4500
001 3737
003 CO-ViMGA
008 141112s2004 ck r 000 u spa d
020 _a843206579X
040 _aCO-ViMGA
_bspa
_cCO-ViMGA
082 _aR463 D422di
245 1 0 _aDiccionario planeta abreviado de la lengua española usual
260 _aBarcelona :
_bPlaneta,
_c1990
300 _a756 p : il
590 _aDatos de inventario : 05221
650 1 4 _aESPAÑOL - DICCIONARIOS
_93286
942 _2ddc
_cBK
999 _c11335
_d11335